000 00352nam a2200133Ia 4500
005 20260328104324.0
008 260328s9999||||xx |||||||||||||| ||und||
100 _aGisbert, Teresa
245 0 _aArquitectura Andina 1530-1830 /
_cTeresa Gisbert
260 _bEmbajada de EspaƱa en Bolivia
300 _a427 p.
650 _aARQUITECTURA
942 _cBK
999 _c11445
_d11445